| 000 | 00578nam a2200169 i 4500 | ||
|---|---|---|---|
| 001 | 74638 | ||
| 003 | ES-MaACL | ||
| 005 | 20230906172211.0 | ||
| 007 | t| | ||
| 008 | 040920s1959 sp ||||1| spa d | ||
| 100 | 1 |
_aGonzález Martín, F. _958790 |
|
| 245 | 1 | 0 |
_aConocimientos indispensables del agente de seguros / _cF. González Martín ; prólogo de Arturo de Medina y López. |
| 260 |
_aZaragoza : _b[s.n., _c1959] ( _fTalleres Gráficos La Editorial) |
||
| 300 |
_a178 p. ; _c22 cm. |
||
| 700 | 1 |
_aMedina y López, Arturo de. _979758 |
|
| 852 |
_aES-MaACL _jC-17230 _bR.44619 |
||
| 999 |
_c74638 _d74638 |
||